000
00274nam a22001337a 4500
008
170424b xxu||||| |||| 00| 0 eng d
020
_a
0721661645
041
_a
eng
080
_a
54
100
_a
12
101
_a
SHM
245
_a
CHEMISTRY
_c
MASTERTON
942
_2
udc
_c
BK
999
_c
11638
_d
11638